| 000 | 01585cam a2200361 a 4500 | ||
|---|---|---|---|
| 001 | 18800400 | ||
| 003 | PILC | ||
| 005 | 20160601100514.0 | ||
| 008 | 150930s2015 maua j d 000 0 eng d | ||
| 010 | _a 2014397296 | ||
| 015 |
_aGBB4E4310 _2bnb |
||
| 016 | 7 |
_a016973636 _2Uk |
|
| 020 | _a9780877796800 (hbk.) | ||
| 020 | _a0877796807 (hbk.) | ||
| 035 | _a(OCoLC)ocn898153780 | ||
| 040 |
_aUKMGB _beng _cUKMGB _dOCLCO _dOCLCF _dBDX _dCGP _dCLE _dYDXCP _dDLC |
||
| 042 | _alccopycat | ||
| 050 | 0 | 0 |
_aPE 1628.5 _b.M47 2015 |
| 082 | 0 | 4 | _a423 |
| 245 | 0 | 0 | _aMerriam-Webster's school dictionary. |
| 246 | 3 | 0 | _aSchool dictionary |
| 250 | _aRevised & updated edtion. | ||
| 260 |
_aUSA : _bMerriam-Webster, Incorporated, _c2004. |
||
| 300 |
_a22a, 1251 pages : _billustrations ; _c25 cm |
||
| 500 | _a"For students age 14 & up, grades 9-11"--Page 4 of cover. | ||
| 505 | 0 | _aUsing the dictionary -- Abbreviations used in this dictionary -- Pronunciation symbols -- A dictionary of the English language -- Abbreviations and symbols for chemical elements -- Biographical, biblical, and mythologoical names -- Geographical names -- Signs and symbols -- A handbook of style. | |
| 520 | _aA study aid for students, this dictionary provides up-to-date content, word guidance, and comprehensive coverage of meanings, spellings, and pronunciations. | ||
| 650 | 0 |
_aEnglish language _vDictionaries, Juvenile. |
|
| 710 | 2 | _aMerriam-Webster, Inc. | |
| 906 |
_a7 _bcbc _ccopycat _d2 _encip _f20 _gy-gencatlg |
||
| 942 |
_2lcc _cBK |
||
| 999 |
_c295557 _d295557 |
||